000 01099nam a2200205Ia 4500
008 0000002002 pr a 0000000000spa00
090 _aPPR00 T72j
100 1 _aTrelles Hernández, Mercedes
245 1 0 _aJulio Rosado del Valle
_b: pintura sobre papel 1999 2002
_c/ ensayo y texto Mercedes Trelles Hernández ; fotografías Johnny Betancourt
300 _a17 p.
_c/ 28 cm.
500 _aExposición realizada en la Sala Central del Antiguo Arsenal de la Marina Española, La Puntilla , Viejo San juan, Puerto Rico entre el 15 de noviembre de 2002 y el 28 de febrero de 2003 \ Incluye lista de obras, datos biográficos y cronología artística \ Donación del Sr. Mauricio Mayorga, 2015
600 0 0 _a ROSADO DEL VALLE, JULIO, 19222008/
_xTRABAJOS PICTORICOS
650 1 4 _aARTE CONTEMPORANEO PUERTORRIQUEÑO
650 1 4 _aARTISTAS PLASTICOS PUERTORRIQUEÑOS
650 1 4 _xCATALOGOS
650 1 4 _xEXPOSICIONES
650 1 4 _aPINTORES PUERTORRIQUEÑOS
650 1 4 _aPINTURA PUERTORRIQUEÑA
999 _c16050
_d16050
260 _aSan Juan (Puerto Rico) : Instituto de Cultura Puertorriqueña
_c2002